|
|
|
|
| LEADER |
01479nam a22003734a 4500 |
| 001 |
EBC3016727 |
| 003 |
MiAaPQ |
| 005 |
20200520144314.0 |
| 006 |
m o d | |
| 007 |
cr cn||||||||| |
| 008 |
030513s2003 nyua sb 001 0 eng |
| 010 |
|
|
|z 2003011168
|
| 020 |
|
|
|z 1931202583 (alk. paper)
|
| 035 |
|
|
|a (MiAaPQ)EBC3016727
|
| 035 |
|
|
|a (Au-PeEL)EBL3016727
|
| 035 |
|
|
|a (CaPaEBR)ebr10076787
|
| 035 |
|
|
|a (OCoLC)228113473
|
| 040 |
|
|
|a MiAaPQ
|c MiAaPQ
|d MiAaPQ
|
| 050 |
|
4 |
|a HB915
|b .G58 2003
|
| 082 |
0 |
4 |
|a 304.6/32/0973
|2 21
|
| 100 |
1 |
|
|a Glusker, Ann I.
|
| 245 |
1 |
0 |
|a Fertility patterns of native- and foreign-born women
|h [electronic resource] :
|b assimilating to diversity /
|c Ann Glusker.
|
| 260 |
|
|
|a New York :
|b LFB Scholarly Pub.,
|c 2003.
|
| 300 |
|
|
|a xv, 292 p. :
|b ill.
|
| 490 |
1 |
|
|a The new Americans : recent immigration and American society
|
| 504 |
|
|
|a Includes bibliographical references (p. 259-282) and index.
|
| 533 |
|
|
|a Electronic reproduction. Ann Arbor, MI : ProQuest, 2015. Available via World Wide Web. Access may be limited to ProQuest affiliated libraries.
|
| 650 |
|
0 |
|a Fertility, Human
|z United States.
|
| 650 |
|
0 |
|a Immigrants
|z United States.
|
| 651 |
|
0 |
|a United States
|x Emigration and immigration.
|
| 655 |
|
4 |
|a Electronic books.
|
| 710 |
2 |
|
|a ProQuest (Firm)
|
| 830 |
|
0 |
|a New Americans (LFB Scholarly Publishing LLC)
|
| 856 |
4 |
0 |
|u https://ebookcentral.proquest.com/lib/matrademy/detail.action?docID=3016727
|z Click to View
|